Más allá de las tres dunas / (Registro nro. 9416)

Detalles MARC
000 -LEADER
fixed length control field 00764nam a22002897b 4500
001 - CONTROL NUMBER
control field 2268953
003 - CONTROL NUMBER IDENTIFIER
control field DO-SdBNP
005 - DATE AND TIME OF LATEST TRANSACTION
control field 20180202131248.0
007 - PHYSICAL DESCRIPTION FIXED FIELD--GENERAL INFORMATION
fixed length control field 2268953
008 - FIXED-LENGTH DATA ELEMENTS--GENERAL INFORMATION
fixed length control field 071016s2007 sp | ||| ||spa
015 ## - NATIONAL BIBLIOGRAPHY NUMBER
National bibliography number
016 7# - NATIONAL BIBLIOGRAPHIC AGENCY CONTROL NUMBER
Record control number
Source BPMSU
017 ## - COPYRIGHT OR LEGAL DEPOSIT NUMBER
Copyright or legal deposit number
Assigning agency
020 ## - INTERNATIONAL STANDARD BOOK NUMBER
International Standard Book Number 9788483430231
040 ## - CATALOGING SOURCE
Original cataloging agency BPMSU
Language of cataloging spa
Transcribing agency BPMSU
Description conventions
080 #0 - UNIVERSAL DECIMAL CLASSIFICATION NUMBER
Universal Decimal Classification number
100 1# - MAIN ENTRY--PERSONAL NAME
Personal name Fernández Gabaldón, Susana
245 10 - TITLE STATEMENT
Title Más allá de las tres dunas /
Statement of responsibility, etc. Susana Fernández Gabaldón
Medium
250 ## - EDITION STATEMENT
Edition statement 13a. ed.
260 ## - PUBLICATION, DISTRIBUTION, ETC. (IMPRINT)
Place of publication, distribution, etc. [Barcelona] :
Name of publisher, distributor, etc. Bambú,
Date of publication, distribution, etc. 2007
300 ## - PHYSICAL DESCRIPTION
Extent 218 p. ;
Dimensions 21 cm
490 1# - SERIES STATEMENT
Series statement Grandes lectores
Volume/sequential designation 5
830 #0 - SERIES ADDED ENTRY--UNIFORM TITLE
Name of part/section of a work Grandes lectores
Volume number/sequential designation 5
942 ## - ADDED ENTRY ELEMENTS (KOHA)
Source of classification or shelving scheme Dewey Decimal Classification
Koha item type Libros
945 ## - LOCAL PROCESSING INFORMATION (OCLC)
a Inventariado, 2018 /LP
956 ## - LOCAL ELECTRONIC LOCATION AND ACCESS (OCLC)
Host name VMATEO
Access method 10
Materials specified 20160329
Linkage BPMSU
Field link and sequence number 0069
Existencias
Withdrawn status Lost status Source of classification or shelving scheme Damaged status Not for loan Collection code Home library Current library Date acquired Source of acquisition Total Checkouts Barcode Date last seen Price effective from Koha item type
    Dewey Decimal Classification     Colección General Biblioteca Pública Metropolitana Salomé Ureña Biblioteca Pública Metropolitana Salomé Ureña 03/29/2016 FUNDI   BPMSU16030299 03/29/2016 03/29/2016 Libros